| 000 | 01239nam a2200241 a 4500 | ||
|---|---|---|---|
| 001 | 000016063 | ||
| 005 | 20200929164246.0 | ||
| 008 | 100224s1988 dr acd r 001 0 spa d | ||
| 040 |
_aDO-SdBNP _bspa _cBNPHU |
||
| 082 |
_a363.3495 _bG367t |
||
| 100 | 1 |
_aGere, James M. _936029 |
|
| 245 | 1 | 0 |
_aTerra non firma : _bentendiendo y preparándose para los terremotos / _cJames M. Gere, Haresh C. Shah; traducción Orlando Franco Batlle. |
| 260 |
_aSanto Domingo : _bFUNDOSÍSMICA, _c1988. |
||
| 300 |
_a196 p. : _bil., gráfcs., retrs. ; _c23 cm. |
||
| 505 | 0 |
_gPrefacio -- _tUna experiencia chocante -- _t¿Por qué tenemos terremotos? -- _tDeslizamientos, licuefacción y otros peligros de terremotos -- _tTsunamis -- _tCómo son medidos los terremotos y sus efectos -- _tPredicción de terremotos -- _tDiseño de ingeniería -- _tComunidad y planeamiento individual -- _tPreparándonos para el próximo terremoto -- _tDatos de terremotos. |
|
| 590 | _aInventariado, 2018/BT | ||
| 650 | 4 |
_aTerremotos _926259 |
|
| 650 | 4 |
_aPrevención y protección frente a los sismos _920992 |
|
| 650 | 4 |
_aPredicción sísmica _920991 |
|
| 650 | 4 |
_aSismometría _936030 |
|
| 700 | 1 |
_aFranco Batlle, Orlando _etr. _936031 |
|
| 910 | _aValidado. Control de calidad. EMS | ||
| 999 |
_c15604 _d15604 |
||